Libido y sociedad: estudios sobre Freud y la izquierda freudiana
Guardado en:
| Autor principal: | |
|---|---|
| Formato: | Texto |
| Publicado: |
México, D.F:
Siglo XXI
|
| Etiquetas: |
Agregar Etiqueta
Sin Etiquetas, Sea el primero en etiquetar este registro!
|
MARC
| LEADER | 00000 a a2200000 04500 | ||
|---|---|---|---|
| 001 | 25795 | ||
| 003 | |||
| 040 | |||
| 020 | |a 968-23-1136-5 | ||
| 090 | |a 174102 | ||
| 100 | |a Dahmer, Helmut | ||
| 245 | |a Libido y sociedad: estudios sobre Freud y la izquierda freudiana | ||
| 260 | |a México, D.F: |b Siglo XXI | ||
| 300 | |a 295 p | ||
| 999 | |c 10977 |d 10977 | ||



